000 00550nam a2200205Ia 4500
003 GCL
008 140319s9999 xx 000 0 eng d
040 _aGCL /
_cGCL
082 0 4 _a618.25
_bE G
100 1 _aENNKIN , MARRAY
245 1 0 _aA GUIDE TO EFFECTIVE CARE IN PREGNANCY AND CHILDBIRTH /
_cENNKIN , MARRAY
700 1 _aRENFREW, MARY
700 1 _aNILSON, JAMES
260 _a[S.N] :
_bOXFORD UNIVERSITY PRESS ،
_c1995
300 _a429 P P
650 0 4 _aPREGNANCY
650 0 4 _aCHILDBIRTH
650 0 4 _aMOTHERCARE
942 _2ddc
_cBK
999 _c11881
_d11881